=LDR 00000nam 2200000 4500 =001 INLIS000000000018476 =005 20130612113642 =008 ***********************************Ind** =035 ##$$0010-061300000018476 =041 ##$$a Ind =082 ##$$a 345.077 3 =090 ##$$a 345.077 3, Sah s =100 ##$$a Sahetapy, J.E =245 ##$$a Suatu studi khusus mengenai ancaman pidana mati terhadap pembunuhan berencana, Sr. J.E Sahetapy =260 ##$$a 1982 $b Jakarta =300 ##$$a xxiv, 456 hlm, 21 cm =650 ##$$a Hukum Pidana =850 ##$$a NBPNMAT